[Event "Feffernitz op 27th"]
[Site "Feffernitz"]
[Date "2018.08.25"]
[Round "8"]
[White "Rabus, Berthold"]
[Black "Postlmayer, Jakob"]
[Result "1/2-1/2"]
[WhiteElo "2141"]
[BlackElo "2053"]
[PlyCount "38"]
[EventDate "2018.08.19"]
[EventType "swiss"]
[EventRounds "9"]
[EventCountry "AUT"]
[SourceTitle "CBM 186 Extra"]
[Source "ChessBase"]
[SourceDate "2018.08.24"]
[SourceVersion "1"]
[SourceVersionDate "2018.08.24"]
[SourceQuality "1"]

1. c4 e5 2. g3 Nc6 3. Bg2 g6 4. Nc3 Bg7 5. e3 f5 6. Nge2 Nf6 7. d4 d6 8. dxe5 dxe5 9. Bxc6+ bxc6 10. Qxd8+ Kxd8 11. b3 Be6 12. Ba3 Ke8 13. Rd1 Kf7 14. 0-0 Rhd8 15. Rxd8 Rxd8 16. Rd1 Rxd1+ 17. Nxd1 Ne4 18. Ndc3 Nxc3 19. Nxc3 e4 1/2-1/2

[Event "Leiden LCT op-A 11th"]
[Site "Leiden"]
[Date "2017.07.20"]
[Round "6"]
[White "Rabus, Berthold"]
[Black "Visser, Henk Jan"]
[Result "0-1"]
[WhiteElo "2161"]
[BlackElo "2234"]
[PlyCount "148"]
[EventDate "2017.07.14"]
[EventType "swiss"]
[EventRounds "9"]
[EventCountry "NED"]
[SourceTitle "EXT 2018"]
[Source "ChessBase"]
[SourceDate "2017.10.13"]
[SourceVersion "1"]
[SourceVersionDate "2017.10.13"]
[SourceQuality "1"]

1. c4 Nf6 2. g3 e6 3. Bg2 d5 4. Nf3 Be7 5. b3 0-0 6. 0-0 b6 7. cxd5 Nxd5 8. Nc3 Bb7 9. Nxd5 Bxd5 10. d4 Nd7 11. Bb2 a5 12. Qc2 Ra7 13. Nd2 Qa8 14. Bxd5 exd5 15. Qf5 Nf6 16. a4 Re8 17. Nf3 Ne4 18. Ne5 Bf6 19. Rfd1 Re6 20. Rac1 g6 21. Qf4 Qe8 22. h4 Be7 23. Nf3 Bd6 24. Qh6 Bf8 25. Qf4 Kg7 26. Rc2 Bd6 27. Qc1 Qe7 28. Kg2 Ra8 29. Rh1 h6 30. Ne5 h5 31. Nf3 Re8 32. Ne5 Nf6 33. Qg5 Qf8 34. Bc1 Qh8 35. Bb2 Nh7 36. Qd2 f6 37. Nf3 Rxe2 38. Qxe2 Rxe2 39. Rxe2 Qc8 40. Rhe1 Kf7 41. Bc1 Nf8 42. Ng1 Qg4 43. Nf3 Nd7 44. Re8 Nf8 45. Bf4 Bb4 46. Bd2 Bd6 47. Bf4 Ba3 48. Bc1 Bb4 49. Bd2 Qd7 50. Bxb4 axb4 51. R8e2 Qd8 52. Rc1 Qd6 53. Rec2 Ne6 54. a5 bxa5 55. Rc6 Qd7 56. Ra6 a4 57. Rxa4 Nf4+ 58. gxf4 Qg4+ 59. Kf1 Qxf3 60. Rxc7+ Ke6 61. Rxb4 Kf5 62. Rc6 Qd1+ 63. Kg2 Qg4+ 64. Kf1 Qxh4 65. Rbb6 Qh1+ 66. Ke2 Qe4+ 67. Kf1 Qxd4 68. b4 h4 69. b5 Kg4 70. Ke2 Qe4+ 71. Kf1 Qd3+ 72. Ke1 h3 73. Rxf6 Kf3 74. Rfe6 h2 0-1

[Event "Leiden LCT op-A 11th"]
[Site "Leiden"]
[Date "2017.07.15"]
[Round "2"]
[White "Rabus, Berthold"]
[Black "Shyam, Sundar M"]
[Result "0-1"]
[WhiteElo "2161"]
[BlackElo "2534"]
[PlyCount "104"]
[EventDate "2017.07.14"]
[EventType "swiss"]
[EventRounds "9"]
[EventCountry "NED"]
[SourceTitle "EXT 2018"]
[Source "ChessBase"]
[SourceDate "2017.10.13"]
[SourceVersion "1"]
[SourceVersionDate "2017.10.13"]
[SourceQuality "1"]

1. c4 g6 2. g3 Bg7 3. Bg2 e5 4. Nc3 Ne7 5. e3 d6 6. Nge2 Nbc6 7. b3 h5 8. h4 Bg4 9. Bb2 Qd7 10. a3 0-0 11. d3 Rae8 12. Qd2 Na5 13. Qc2 c5 14. b4 Nac6 15. b5 Nd8 16. Nd5 Nc8 17. Nec3 f6 18. a4 a5 19. Kd2 Be6 20. Rag1 f5 21. Kc1 Nc6 22. bxc6 bxc6 23. e4 cxd5 24. exd5 Bf7 25. Re1 Nb6 26. Nb5 Na8 27. Bc3 Nc7 28. Kb2 Na6 29. Re2 Nb4 30. Qd2 Re7 31. Rhe1 Rfe8 32. Kb3 Kh7 33. Qd1 Qd8 34. Ka3 Rb7 35. f4 Rbe7 36. fxe5 Bxe5 37. Bxe5 Rxe5 38. Rxe5 Rxe5 39. Rxe5 dxe5 40. Qe1 Qf6 41. Kb3 Be8 42. Nc3 Qb6 43. Ka3 Qb8 44. Qd2 Bd7 45. Bf1 e4 46. dxe4 Qxg3 47. Kb2 Qb8 48. Ka3 Qe5 49. exf5 Bxf5 50. Kb3 Nc2 51. Bd3 Nd4+ 52. Ka3 Nf3 0-1

[Event "Pula op 25th"]
[Site "Pula"]
[Date "2011.06.24"]
[Round "8"]
[White "Rabus, Berthold"]
[Black "Mazi, Leon"]
[Result "1-0"]
[WhiteElo "2198"]
[BlackElo "2353"]
[PlyCount "81"]
[EventDate "2011.06.18"]
[EventType "swiss"]
[EventRounds "9"]
[EventCountry "CRO"]
[SourceTitle "CBM 143 Extra"]
[Source "ChessBase"]
[SourceDate "2011.08.29"]
[SourceVersion "1"]
[SourceVersionDate "2011.08.29"]
[SourceQuality "1"]

1. d4 d6 2. Nf3 g6 3. g3 Bg7 4. Bg2 Nf6 5. c4 0-0 6. 0-0 Nbd7 7. Nc3 e5 8. e4 c6 9. h3 a6 10. Be3 b5 11. cxb5 axb5 12. dxe5 dxe5 13. Qd6 Bb7 14. a4 bxa4 15. Rxa4 Rxa4 16. Nxa4 Re8 17. Qd3 Qa5 18. Qc2 Ra8 19. b3 Bf8 20. Rc1 Rb8 21. Bf1 Ba6 22. Bxa6 Qxa6 23. Qxc6 Qxc6 24. Rxc6 Nxe4 25. Nb6 Nxb6 26. Rxb6 Rxb6 27. Bxb6 f6 28. Kf1 Kf7 29. Ke2 Ke6 30. Nd2 Nc5 31. Bxc5 Bxc5 32. Ne4 Be7 33. f3 f5 34. Nc3 h5 35. g4 Bb4 36. Kd3 e4+ 37. fxe4 fxg4 38. hxg4 h4 39. Nd5 Bd6 40. Ke3 h3 41. Kf3 1-0

[Event "Politiken Cup 30th"]
[Site "Helsingor"]
[Date "2008.07.24"]
[Round "7"]
[White "Abrahamsson, Daniel"]
[Black "Rabus, Berthold"]
[Result "1/2-1/2"]
[WhiteElo "2040"]
[BlackElo "2198"]
[PlyCount "130"]
[EventDate "2008.07.19"]
[EventType "swiss"]
[EventRounds "10"]
[EventCountry "DEN"]
[SourceTitle "CBM 125 Extra"]
[Source "ChessBase"]
[SourceDate "2008.09.01"]
[SourceVersion "1"]
[SourceVersionDate "2008.09.01"]
[SourceQuality "1"]

1. d4 d5 2. Nf3 Nf6 3. c4 c6 4. e3 e6 5. Nc3 Nbd7 6. Bd3 dxc4 7. Bxc4 b5 8. Bb3 Bb7 9. 0-0 a6 10. Re1 c5 11. d5 exd5 12. Nxd5 c4 13. Nxf6+ Nxf6 14. Bc2 Bb4 15. Rf1 Qxd1 16. Rxd1 0-0 17. a4 Bc5 18. Bd2 b4 19. Rac1 Bd5 20. Bb3 cxb3 21. Rxc5 Bxf3 22. gxf3 Rfd8 23. Rcc1 a5 24. e4 h6 25. Be3 Rxd1+ 26. Rxd1 Rc8 27. Bb6 Rc6 28. Bxa5 Ra6 29. Bxb4 Rxa4 30. Ba3 Ra8 31. Rd3 Rb8 32. Kf1 Nh5 33. Bd6 Rb6 34. Ke2 f6 35. Ke3 g5 36. f4 gxf4+ 37. Bxf4 Nxf4 38. Kxf4 Kf7 39. Kf5 Rb5+ 40. Rd5 Rb7 41. f4 Ke7 42. e5 fxe5 43. fxe5 Rc7 44. Rb5 Rc2 45. Rb7+ Kf8 46. Rxb3 Rxh2 47. Ke6 Re2 48. Rb8+ Kg7 49. b4 h5 50. Rd8 h4 51. Rd4 h3 52. Kd6 h2 53. Rh4 Re4 54. Rxh2 Rxb4 55. Rf2 Rb6+ 56. Kd7 Rb7+ 57. Kc6 Ra7 58. Rf5 Ra6+ 59. Kd7 Ra7+ 60. Kc6 Kg6 61. Rf6+ Kg7 62. Rd6 Kf8 63. Kb6 Ra1 64. Kc5 Ke7 65. Rd4 Ra5+ 1/2-1/2

[Event "Politiken Cup 30th"]
[Site "Helsingor"]
[Date "2008.07.22"]
[Round "5"]
[White "Hector, Jonny"]
[Black "Rabus, Berthold"]
[Result "1-0"]
[WhiteElo "2537"]
[BlackElo "2198"]
[PlyCount "39"]
[EventDate "2008.07.19"]
[EventType "swiss"]
[EventRounds "10"]
[EventCountry "DEN"]
[SourceTitle "CBM 125 Extra"]
[Source "ChessBase"]
[SourceDate "2008.09.01"]
[SourceVersion "1"]
[SourceVersionDate "2008.09.01"]
[SourceQuality "1"]

1. e4 c5 2. Nf3 d6 3. d4 cxd4 4. Nxd4 Nf6 5. Nc3 a6 6. Bg5 e6 7. f4 Be7 8. Qf3 Qc7 9. 0-0-0 Nbd7 10. g4 b5 11. Bxf6 Bxf6 12. Bxb5 axb5 13. Ndxb5 Qc6 14. Rxd6 Qb7 15. Rxe6+ fxe6 16. Nd6+ Kd8 17. Nxb7+ Bxb7 18. Rd1 Rc8 19. Nb5 Bc6 20. Na7 1-0

[Event "Politiken Cup 30th"]
[Site "Helsingor"]
[Date "2008.07.21"]
[Round "4"]
[White "Rabus, Berthold"]
[Black "Hansen, Mads"]
[Result "1-0"]
[WhiteElo "2198"]
[BlackElo "2041"]
[PlyCount "63"]
[EventDate "2008.07.19"]
[EventType "swiss"]
[EventRounds "10"]
[EventCountry "DEN"]
[SourceTitle "CBM 125 Extra"]
[Source "ChessBase"]
[SourceDate "2008.09.01"]
[SourceVersion "1"]
[SourceVersionDate "2008.09.01"]
[SourceQuality "1"]

1. d4 d5 2. Bf4 Nf6 3. e3 c5 4. c3 Nc6 5. Nd2 e6 6. Ngf3 Be7 7. Ne5 0-0 8. Bd3 Nxe5 9. dxe5 Nd7 10. Qh5 f5 11. Nf3 Qe8 12. Qh3 b6 13. g4 c4 14. Bc2 Nc5 15. Rd1 Nd3+ 16. Rxd3 cxd3 17. Bxd3 Qa4 18. gxf5 exf5 19. Rg1 g6 20. Qh6 Ba6 21. e6 Bf6 22. Rxg6+ hxg6 23. Qxg6+ Kh8 24. Qh6+ Kg8 25. Qg6+ Kh8 26. Bxf5 Bxc3+ 27. bxc3 Rxf5 28. Qh6+ Kg8 29. Qg6+ Kh8 30. Qxf5 Qe8 31. Be5+ Kg8 32. Qg5+ 1-0